000
00237nam a22000857a 4500
008
160713b xxu||||| |||| 00| 0 eng d
100
_9
2744
_a
Bradley, S
245
_a
The American Tradition Literature
260
_a
N.Y
_b
W.W.Norton & Com.
_c
1962
999
_c
2383
_d
2383